<?xml version="1.0" encoding="UTF-8"?>
<collection xmlns="http://www.loc.gov/MARC21/slim">
 <record>
  <leader>00857cam a2200229 7i4500</leader>
  <controlfield tag="001">0000124406</controlfield>
  <controlfield tag="005">20160407090000.0</controlfield>
  <controlfield tag="008">150909s2014    -us                 eng   </controlfield>
  <datafield tag="020" ind1="#" ind2="0">
   <subfield code="a">9781421412054 </subfield>
  </datafield>
  <datafield tag="090" ind1="0" ind2="0">
   <subfield code="a">RC 516 </subfield>
   <subfield code="b">.M6 2014</subfield>
  </datafield>
  <datafield tag="100" ind1="1" ind2="#">
   <subfield code="a">Mondimore, Francis Mark, </subfield>
   <subfield code="d">1953- </subfield>
  </datafield>
  <datafield tag="245" ind1="1" ind2="0">
   <subfield code="a">Bipolar disorder : </subfield>
   <subfield code="b">a guide for patients and families  </subfield>
   <subfield code="c">Francis Mark Mondimore, M.D..</subfield>
  </datafield>
  <datafield tag="250" ind1="#" ind2="#">
   <subfield code="a">3rd ed..</subfield>
  </datafield>
  <datafield tag="260" ind1="#" ind2="#">
   <subfield code="a">Baltimore: </subfield>
   <subfield code="b">Johns Hopkins University Press, </subfield>
   <subfield code="c">2014.</subfield>
  </datafield>
  <datafield tag="300" ind1="#" ind2="#">
   <subfield code="a">xii, 288 pages: </subfield>
   <subfield code="b">illustrations; </subfield>
   <subfield code="c">24 cm..</subfield>
  </datafield>
  <datafield tag="490" ind1="0" ind2="0">
   <subfield code="a">A Johns Hopkins press health book</subfield>
  </datafield>
  <datafield tag="504" ind1="0" ind2="0">
   <subfield code="a">Includes bibliographical references (pages 255-259) and index</subfield>
  </datafield>
  <datafield tag="590" ind1="#" ind2="#">
   <subfield code="a">Perpustakaan Sultanah Nur Zahirah</subfield>
  </datafield>
  <datafield tag="650" ind1="0" ind2="0">
   <subfield code="a">Manic-depressive illness </subfield>
  </datafield>
  <datafield tag="650" ind1="0" ind2="0">
   <subfield code="a">Bipolar Disorder </subfield>
  </datafield>
  <datafield tag="650" ind1="0" ind2="0">
   <subfield code="a">Affective disorders </subfield>
  </datafield>
  <datafield tag="999" ind1=" " ind2=" ">
   <subfield code="a">1100095977</subfield>
   <subfield code="b">Book</subfield>
   <subfield code="c">Open Shelf</subfield>
   <subfield code="e">KOLEKSI TERBUKA</subfield>
  </datafield>
 </record>
</collection>
